| 000 | 00501nam a2200157Ia 4500 | ||
|---|---|---|---|
| 008 | 210716s2009 xx 000 0 und d | ||
| 020 | _a9788131725078 | ||
| 041 | _aeng | ||
| 082 | _a621.3822 BATA | ||
| 100 | _aBateman, Andrew; Paterson-Stephens, Iain. | ||
| 245 |
_aDSP handbook: algorithms, applications and design techniques. _bAlgorithms, applications and design techniques. |
||
| 250 | _a1 | ||
| 260 |
_aNew Delhi _bPearson Education _c2009 |
||
| 300 | _axiii,664 | ||
| 650 | _aDigital Systems | ||
| 999 |
_c192987 _d192987 |
||